000 00281nam a2200121 a 4500
005 20141022142005.0
008 080922s19uu xx 00 eng d
050 _aVCD
_bG3 1999
245 _aGone with the wind.
650 _aVCD.
650 _aGone with the wind.
942 _cAVM
999 _c276447
_d276447